<?xml version="1.0" encoding="UTF-8"?>
<record
    xmlns:xsi="http://www.w3.org/2001/XMLSchema-instance"
    xsi:schemaLocation="http://www.loc.gov/MARC21/slim http://www.loc.gov/standards/marcxml/schema/MARC21slim.xsd"
    xmlns="http://www.loc.gov/MARC21/slim">

  <leader>00575nam a22001817a 4500</leader>
  <controlfield tag="003">OSt</controlfield>
  <controlfield tag="008">240514b2012    |||||||| |||| 00| 0 eng d</controlfield>
  <datafield tag="020" ind1=" " ind2=" ">
    <subfield code="a">9789380578910</subfield>
  </datafield>
  <datafield tag="082" ind1=" " ind2=" ">
    <subfield code="a">658.8</subfield>
    <subfield code="b">DUT-F</subfield>
  </datafield>
  <datafield tag="100" ind1=" " ind2=" ">
    <subfield code="a">Dutta, Bholanath.</subfield>
  </datafield>
  <datafield tag="245" ind1=" " ind2=" ">
    <subfield code="a">Fundamentals of sales and distribution management /</subfield>
    <subfield code="c">Bholanath Dutta.</subfield>
  </datafield>
  <datafield tag="260" ind1=" " ind2=" ">
    <subfield code="a">New Delhi :</subfield>
    <subfield code="b">I.K. International Publishing House PVT,</subfield>
    <subfield code="c">2011.</subfield>
  </datafield>
  <datafield tag="300" ind1=" " ind2=" ">
    <subfield code="a">xiv, 281 p. ;</subfield>
  </datafield>
  <datafield tag="650" ind1=" " ind2=" ">
    <subfield code="a">Marketing channels - Management</subfield>
  </datafield>
  <datafield tag="650" ind1=" " ind2=" ">
    <subfield code="a">Physical distribution of goods - Management</subfield>
  </datafield>
  <datafield tag="650" ind1=" " ind2=" ">
    <subfield code="a">Sales management</subfield>
  </datafield>
  <datafield tag="942" ind1=" " ind2=" ">
    <subfield code="2">ddc</subfield>
    <subfield code="c">BK</subfield>
  </datafield>
  <datafield tag="999" ind1=" " ind2=" ">
    <subfield code="c">20482</subfield>
    <subfield code="d">20482</subfield>
  </datafield>
  <datafield tag="952" ind1=" " ind2=" ">
    <subfield code="0">0</subfield>
    <subfield code="1">0</subfield>
    <subfield code="2">ddc</subfield>
    <subfield code="4">0</subfield>
    <subfield code="7">0</subfield>
    <subfield code="a">SOBD</subfield>
    <subfield code="b">SOBD</subfield>
    <subfield code="d">2024-04-11</subfield>
    <subfield code="e">Vedi Books</subfield>
    <subfield code="f">INR</subfield>
    <subfield code="g">485.00</subfield>
    <subfield code="o">658.8 DUT-F1</subfield>
    <subfield code="p">005024</subfield>
    <subfield code="r">2024-05-14</subfield>
    <subfield code="t">1</subfield>
    <subfield code="w">2024-04-11</subfield>
    <subfield code="y">REF</subfield>
    <subfield code="k">VEDI/24-25/04/08</subfield>
  </datafield>
  <datafield tag="952" ind1=" " ind2=" ">
    <subfield code="0">0</subfield>
    <subfield code="1">0</subfield>
    <subfield code="2">ddc</subfield>
    <subfield code="4">0</subfield>
    <subfield code="7">0</subfield>
    <subfield code="a">SOBD</subfield>
    <subfield code="b">SOBD</subfield>
    <subfield code="d">2024-04-11</subfield>
    <subfield code="e">Vedi Books</subfield>
    <subfield code="f">INR</subfield>
    <subfield code="g">485.00</subfield>
    <subfield code="o">658.8 DUT-F2</subfield>
    <subfield code="p">005025</subfield>
    <subfield code="r">2024-05-14</subfield>
    <subfield code="t">2</subfield>
    <subfield code="w">2024-04-11</subfield>
    <subfield code="y">BK</subfield>
    <subfield code="k">VEDI/24-25/04/08</subfield>
  </datafield>
  <datafield tag="952" ind1=" " ind2=" ">
    <subfield code="0">0</subfield>
    <subfield code="1">0</subfield>
    <subfield code="2">ddc</subfield>
    <subfield code="4">0</subfield>
    <subfield code="7">0</subfield>
    <subfield code="a">SOBD</subfield>
    <subfield code="b">SOBD</subfield>
    <subfield code="d">2024-04-11</subfield>
    <subfield code="e">Vedi Books</subfield>
    <subfield code="f">INR</subfield>
    <subfield code="g">485.00</subfield>
    <subfield code="o">658.8 DUT-F3</subfield>
    <subfield code="p">005026</subfield>
    <subfield code="r">2024-05-14</subfield>
    <subfield code="t">3</subfield>
    <subfield code="w">2024-04-11</subfield>
    <subfield code="y">BK</subfield>
    <subfield code="k">VEDI/24-25/04/08</subfield>
  </datafield>
  <datafield tag="952" ind1=" " ind2=" ">
    <subfield code="0">0</subfield>
    <subfield code="1">0</subfield>
    <subfield code="2">ddc</subfield>
    <subfield code="4">0</subfield>
    <subfield code="7">0</subfield>
    <subfield code="a">SOBD</subfield>
    <subfield code="b">SOBD</subfield>
    <subfield code="d">2024-04-11</subfield>
    <subfield code="e">Vedi Books</subfield>
    <subfield code="f">INR</subfield>
    <subfield code="g">485.00</subfield>
    <subfield code="o">658.8 DUT-F4</subfield>
    <subfield code="p">005027</subfield>
    <subfield code="r">2024-05-14</subfield>
    <subfield code="t">4</subfield>
    <subfield code="w">2024-04-11</subfield>
    <subfield code="y">BK</subfield>
    <subfield code="k">VEDI/24-25/04/08</subfield>
  </datafield>
  <datafield tag="952" ind1=" " ind2=" ">
    <subfield code="0">0</subfield>
    <subfield code="1">0</subfield>
    <subfield code="2">ddc</subfield>
    <subfield code="4">0</subfield>
    <subfield code="7">0</subfield>
    <subfield code="a">SOBD</subfield>
    <subfield code="b">SOBD</subfield>
    <subfield code="d">2024-04-11</subfield>
    <subfield code="e">Vedi Books</subfield>
    <subfield code="f">INR</subfield>
    <subfield code="g">485.00</subfield>
    <subfield code="o">658.8 DUT-F5</subfield>
    <subfield code="p">005028</subfield>
    <subfield code="r">2024-05-14</subfield>
    <subfield code="t">5</subfield>
    <subfield code="w">2024-04-11</subfield>
    <subfield code="y">BK</subfield>
    <subfield code="k">VEDI/24-25/04/08</subfield>
  </datafield>
  <datafield tag="952" ind1=" " ind2=" ">
    <subfield code="0">0</subfield>
    <subfield code="1">0</subfield>
    <subfield code="2">ddc</subfield>
    <subfield code="4">0</subfield>
    <subfield code="7">0</subfield>
    <subfield code="a">SOBD</subfield>
    <subfield code="b">SOBD</subfield>
    <subfield code="d">2024-04-11</subfield>
    <subfield code="e">Vedi Books</subfield>
    <subfield code="f">INR</subfield>
    <subfield code="g">485.00</subfield>
    <subfield code="o">658.8 DUT-F6</subfield>
    <subfield code="p">005029</subfield>
    <subfield code="r">2024-05-14</subfield>
    <subfield code="t">6</subfield>
    <subfield code="w">2024-04-11</subfield>
    <subfield code="y">BK</subfield>
    <subfield code="k">VEDI/24-25/04/08</subfield>
  </datafield>
  <datafield tag="952" ind1=" " ind2=" ">
    <subfield code="0">0</subfield>
    <subfield code="1">0</subfield>
    <subfield code="2">ddc</subfield>
    <subfield code="4">0</subfield>
    <subfield code="7">0</subfield>
    <subfield code="a">SOBD</subfield>
    <subfield code="b">SOBD</subfield>
    <subfield code="d">2024-04-11</subfield>
    <subfield code="e">Vedi Books</subfield>
    <subfield code="f">INR</subfield>
    <subfield code="g">485.00</subfield>
    <subfield code="o">658.8 DUT-F7</subfield>
    <subfield code="p">005030</subfield>
    <subfield code="r">2024-05-14</subfield>
    <subfield code="t">7</subfield>
    <subfield code="w">2024-04-11</subfield>
    <subfield code="y">BK</subfield>
    <subfield code="k">VEDI/24-25/04/08</subfield>
  </datafield>
  <datafield tag="952" ind1=" " ind2=" ">
    <subfield code="0">0</subfield>
    <subfield code="1">0</subfield>
    <subfield code="2">ddc</subfield>
    <subfield code="4">0</subfield>
    <subfield code="7">0</subfield>
    <subfield code="a">SOBD</subfield>
    <subfield code="b">SOBD</subfield>
    <subfield code="d">2024-04-11</subfield>
    <subfield code="e">Vedi Books</subfield>
    <subfield code="f">INR</subfield>
    <subfield code="g">485.00</subfield>
    <subfield code="o">658.8 DUT-F8</subfield>
    <subfield code="p">005031</subfield>
    <subfield code="r">2024-05-14</subfield>
    <subfield code="t">8</subfield>
    <subfield code="w">2024-04-11</subfield>
    <subfield code="y">BK</subfield>
    <subfield code="k">VEDI/24-25/04/08</subfield>
  </datafield>
  <datafield tag="952" ind1=" " ind2=" ">
    <subfield code="0">0</subfield>
    <subfield code="1">0</subfield>
    <subfield code="2">ddc</subfield>
    <subfield code="4">0</subfield>
    <subfield code="7">0</subfield>
    <subfield code="a">SOBD</subfield>
    <subfield code="b">SOBD</subfield>
    <subfield code="d">2024-04-11</subfield>
    <subfield code="e">Vedi Books</subfield>
    <subfield code="f">INR</subfield>
    <subfield code="g">485.00</subfield>
    <subfield code="o">658.8 DUT-F9</subfield>
    <subfield code="p">005032</subfield>
    <subfield code="r">2024-05-14</subfield>
    <subfield code="t">9</subfield>
    <subfield code="w">2024-04-11</subfield>
    <subfield code="y">BK</subfield>
    <subfield code="k">VEDI/24-25/04/08</subfield>
  </datafield>
  <datafield tag="952" ind1=" " ind2=" ">
    <subfield code="0">0</subfield>
    <subfield code="1">0</subfield>
    <subfield code="2">ddc</subfield>
    <subfield code="4">0</subfield>
    <subfield code="7">0</subfield>
    <subfield code="a">SOBD</subfield>
    <subfield code="b">SOBD</subfield>
    <subfield code="d">2024-04-11</subfield>
    <subfield code="e">Vedi Books</subfield>
    <subfield code="f">INR</subfield>
    <subfield code="g">485.00</subfield>
    <subfield code="o">658.8 DUT-F10</subfield>
    <subfield code="p">005033</subfield>
    <subfield code="r">2024-05-14</subfield>
    <subfield code="t">10</subfield>
    <subfield code="w">2024-04-11</subfield>
    <subfield code="y">BK</subfield>
    <subfield code="k">VEDI/24-25/04/08</subfield>
  </datafield>
  <datafield tag="952" ind1=" " ind2=" ">
    <subfield code="0">0</subfield>
    <subfield code="1">0</subfield>
    <subfield code="2">ddc</subfield>
    <subfield code="4">0</subfield>
    <subfield code="7">0</subfield>
    <subfield code="a">SOBD</subfield>
    <subfield code="b">SOBD</subfield>
    <subfield code="d">2024-04-11</subfield>
    <subfield code="e">Vedi Books</subfield>
    <subfield code="f">INR</subfield>
    <subfield code="g">485.00</subfield>
    <subfield code="o">658.8 DUT-F11</subfield>
    <subfield code="p">005034</subfield>
    <subfield code="r">2024-05-14</subfield>
    <subfield code="t">11</subfield>
    <subfield code="w">2024-04-11</subfield>
    <subfield code="y">BK</subfield>
    <subfield code="k">VEDI/24-25/04/08</subfield>
  </datafield>
  <datafield tag="952" ind1=" " ind2=" ">
    <subfield code="0">0</subfield>
    <subfield code="1">0</subfield>
    <subfield code="2">ddc</subfield>
    <subfield code="4">0</subfield>
    <subfield code="7">0</subfield>
    <subfield code="a">SOBD</subfield>
    <subfield code="b">SOBD</subfield>
    <subfield code="d">2024-04-11</subfield>
    <subfield code="e">Vedi Books</subfield>
    <subfield code="f">INR</subfield>
    <subfield code="g">485.00</subfield>
    <subfield code="o">658.8 DUT-F12</subfield>
    <subfield code="p">005035</subfield>
    <subfield code="r">2024-05-14</subfield>
    <subfield code="t">12</subfield>
    <subfield code="w">2024-04-11</subfield>
    <subfield code="y">BK</subfield>
    <subfield code="k">VEDI/24-25/04/08</subfield>
  </datafield>
</record>
